| 000 | 00852nam a2200217Ia 4500 | ||
|---|---|---|---|
| 001 | 2989 | ||
| 003 | GE_BSU | ||
| 008 | 181216s||||||||xx |||||||||||||| ||und|| | ||
| 040 | _cGE_BSU | ||
| 080 | _a622.276.05+66(075.8) | ||
| 100 | _aВихман,Г.А. Круглов,С.А. | ||
| 245 | _aОсновы конструирования аппаратов и машин нефтеперерабатывающих заводов. | ||
| 245 | _bУчебник для студентов втузов. | ||
| 250 | _aИзд. 2-ое, перераб. и допол. | ||
| 260 | _aМ. | ||
| 260 | _bМашиностроение. | ||
| 260 | _c1978. | ||
| 300 | _a328стр.с илл.22см. | ||
| 653 | _aОсновы конструирования аппаратов и машин нефтеперерабатывающих заводов. | ||
| 942 | _cBK | ||
| 999 |
_c37035 _d37035 |
||